00718nam a2200241 a 4500001001300000003000900013005001700022008004100039020002300080082001800103100001800121245003400139260003100173300000900204500003500213505001700248650003000265700001800295902000800313942000700321952013100328999001700459nice12345678IN_TiNIC20260116013906.0050524s1994 dela grp 000 0 eng  a8171562 c39500a954.0254bMOR aMoreland, W H aIndiab at the Death of Akbar aDelhibAtlantic Pub c1994 a306p aincludes index and biblioraphy2 aBibliography aIndia-History Mogul Akbar1 aMoreland, W H bSRS cBK 001040708StackRoom-aHMIbHMId2007-08-01g395.00l1o954.0254 MORp015581r2016-12-12s2016-10-31v395.00w2005-05-24yBK c12989d12989